| 000 | 00879nam a2200229 a 4500 | ||
|---|---|---|---|
| 005 | 20180907162924.0 | ||
| 008 | 140120b xxu||||| |||| 00| 0 spa d | ||
| 041 | _aspa | ||
| 090 |
_aIAvH _b00027 |
||
| 110 |
_9204 _aInstituto de Investigación de Recursos Biológicos Alexander von Humboldt _bInstituto de Investigación de Recursos Biológicos Alexander von Humboldt |
||
| 245 |
_aLegislación sobre biodiversidad _bLeyes y Decretos, proyectos de Ley en el Congreso, Sentencias de la Corte Constitucional |
||
| 260 |
_aVilla de Leyva (Boyacá) _bInstituto Alexander von Humboldt _c1996 |
||
| 300 | _a56 p. | ||
| 650 |
_aLegislación _92474 |
||
| 650 |
_aBiodiversidad _992204 |
||
| 650 |
_aLeyes _93697 |
||
| 650 |
_aDecreto _93698 |
||
| 650 |
_aProyectos de ley _94166 |
||
| 650 |
_aSentencias de la Corte Constitucional _94167 |
||
| 662 | _aColombia | ||
| 942 |
_cCD-ROM _2ddc |
||
| 999 |
_c1665 _d1665 |
||